Maxed Out (Record no. 333273)
[ view plain ]
| 000 -LEADER | |
|---|---|
| fixed length control field | 00519nam a2200097Ia 4500 |
| 008 - FIXED-LENGTH DATA ELEMENTS--GENERAL INFORMATION | |
| fixed length control field | 170517s9999 xx 000 0 und d |
| 245 ## - TITLE STATEMENT | |
| Title | Maxed Out |
| 300 ## - PHYSICAL DESCRIPTION | |
| Extent | Per its title, James D. Scurlock's virulently angry muckraking documentary Maxed Out examines the many problems associated with escalating U.S. consumer debt. Scurlock places his weightiest emphasis on the ends of the spectrum rooted in extreme evil (read: abuse) -... |
| 650 ## - SUBJECT ADDED ENTRY--TOPICAL TERM | |
| General subdivision | Business and Economics. |
| 856 ## - ELECTRONIC LOCATION AND ACCESS | |
| Uniform Resource Identifier | <a href="http://topdocumentaryfilms.com/maxed-out/">http://topdocumentaryfilms.com/maxed-out/</a> |
| Withdrawn status | Lost status | Damaged status | Home library | Current library | Date acquired | Total Checkouts | Date last seen | Price effective from | Koha item type |
|---|---|---|---|---|---|---|---|---|---|
| College Library | College Library | 05/17/2017 | 05/17/2017 | 05/17/2017 | Documentary Films |